Business Communication (Record no. 3160)

MARC details
000 -LEADER
fixed length control field 00374nam a22001697a 4500
005 - DATE AND TIME OF LATEST TRANSACTION
control field 20160618155455.0
008 - FIXED-LENGTH DATA ELEMENTS--GENERAL INFORMATION
fixed length control field 160618b xxu||||| |||| 00| 0 eng d
020 ## - INTERNATIONAL STANDARD BOOK NUMBER
ISBN 81-203-1248-7
041 ## - LANGUAGE CODE
Language code of text/sound track or separate title eng
082 ## - DEWEY DECIMAL CLASSIFICATION NUMBER
Item number 8213
100 ## - MAIN ENTRY--AUTHOR NAME
Personal name Kanl Asha
245 ## - TITLE STATEMENT
Title Business Communication
260 ## - PUBLICATION, DISTRIBUTION, ETC. (IMPRINT)
Name of publisher PHI
Year of publication 2009
300 ## - PHYSICAL DESCRIPTION
Number of Pages 121
650 ## - SUBJECT ADDED ENTRY--TOPICAL TERM
Topical Term Management
942 ## - ADDED ENTRY ELEMENTS (KOHA)
Koha item type Books
Holdings
Lost status Damaged status Collection code Home library Current library Shelving location Date acquired Cost, normal purchase price Full call number Accession Number Koha item type
    MANAGEMENT JRU Library JRU Library SHELF-62 -L 18/06/2016 95.00 8213 8213 Books
      JRU Library   SHELF-29-B 18/06/2016 95.00 8213 8214 Books
    LIFE SKILL JRU Library JRU Library SHELF-46-D 18/06/2016 95.00 8213 8215 Books
    MANAGEMENT JRU Library JRU Library SHELF-62 -L 18/06/2016 95.00 8213 8216 Books